<?xml version="1.0" encoding="UTF-8"?>
<record
    xmlns:xsi="http://www.w3.org/2001/XMLSchema-instance"
    xsi:schemaLocation="http://www.loc.gov/MARC21/slim http://www.loc.gov/standards/marcxml/schema/MARC21slim.xsd"
    xmlns="http://www.loc.gov/MARC21/slim">

  <leader>01693nam a22002417a 4500</leader>
  <controlfield tag="003">NALT</controlfield>
  <controlfield tag="005">20250620095122.0</controlfield>
  <controlfield tag="008">240527b        th ||||| |||| 00| 0 tha d</controlfield>
  <datafield tag="040" ind1=" " ind2=" ">
    <subfield code="a">NALT</subfield>
  </datafield>
  <datafield tag="090" ind1=" " ind2=" ">
    <subfield code="a">KB 12</subfield>
    <subfield code="b">&#xE28;365&#xE04; 2564</subfield>
  </datafield>
  <datafield tag="110" ind1="2" ind2=" ">
    <subfield code="a">&#xE28;&#xE32;&#xE25;&#xE0E;&#xE35;&#xE01;&#xE32;.</subfield>
    <subfield code="9">58687</subfield>
  </datafield>
  <datafield tag="245" ind1="1" ind2="0">
    <subfield code="a">&#xE04;&#xE33;&#xE1E;&#xE34;&#xE1E;&#xE32;&#xE01;&#xE29;&#xE32;&#xE28;&#xE32;&#xE25;&#xE0E;&#xE35;&#xE01;&#xE32; &#xE1E;.&#xE28;. 2564 &#xE40;&#xE25;&#xE48;&#xE21;&#xE17;&#xE35;&#xE48; 5-6 /</subfield>
    <subfield code="c">&#xE28;&#xE32;&#xE25;&#xE0E;&#xE35;&#xE01;&#xE32;.</subfield>
  </datafield>
  <datafield tag="260" ind1=" " ind2=" ">
    <subfield code="a">&#xE01;&#xE23;&#xE38;&#xE07;&#xE40;&#xE17;&#xE1E;&#xE2F; :</subfield>
    <subfield code="b">&#xE2A;&#xE33;&#xE19;&#xE31;&#xE01;&#xE2D;&#xE33;&#xE19;&#xE27;&#xE22;&#xE01;&#xE32;&#xE23;&#xE1B;&#xE23;&#xE30;&#xE08;&#xE33;&#xE28;&#xE32;&#xE25;&#xE0E;&#xE35;&#xE01;&#xE32;,</subfield>
    <subfield code="c">2564.</subfield>
  </datafield>
  <datafield tag="300" ind1=" " ind2=" ">
    <subfield code="a">1 &#xE40;&#xE25;&#xE48;&#xE21; ;</subfield>
    <subfield code="b">26 &#xE0B;&#xE21;.</subfield>
  </datafield>
  <datafield tag="505" ind1="2" ind2=" ">
    <subfield code="a">&#xE04;&#xE33;&#xE1E;&#xE34;&#xE1E;&#xE32;&#xE01;&#xE29;&#xE32;&#xE28;&#xE32;&#xE25;&#xE0E;&#xE35;&#xE01;&#xE32; &#xE1E;.&#xE28;. 2564 &#xE40;&#xE23;&#xE35;&#xE22;&#xE07;&#xE21;&#xE32;&#xE15;&#xE23;&#xE32; -- &#xE41;&#xE1E;&#xE48;&#xE07;&#xE41;&#xE25;&#xE30;&#xE1E;&#xE32;&#xE13;&#xE34;&#xE0A;&#xE22;&#xE4C; -- &#xE2D;&#xE32;&#xE0D;&#xE32; -- &#xE27;&#xE34;&#xE18;&#xE35;&#xE1E;&#xE34;&#xE08;&#xE32;&#xE23;&#xE13;&#xE32;&#xE04;&#xE27;&#xE32;&#xE21;&#xE41;&#xE1E;&#xE48;&#xE07; -- &#xE27;&#xE34;&#xE18;&#xE35;&#xE1E;&#xE34;&#xE08;&#xE32;&#xE23;&#xE13;&#xE32;&#xE04;&#xE27;&#xE32;&#xE21;&#xE2D;&#xE32;&#xE0D;&#xE32; -- &#xE04;&#xE33;&#xE1E;&#xE34;&#xE1E;&#xE32;&#xE01;&#xE29;&#xE32;&#xE28;&#xE32;&#xE25;&#xE0E;&#xE35;&#xE01;&#xE32; &#xE1E;.&#xE28;. 2564 &#xE40;&#xE23;&#xE35;&#xE22;&#xE07;&#xE0A;&#xE37;&#xE48;&#xE2D;&#xE02;&#xE49;&#xE2D;&#xE01;&#xE0E;&#xE2B;&#xE21;&#xE32;&#xE22; -- &#xE41;&#xE1E;&#xE48;&#xE07;&#xE41;&#xE25;&#xE30;&#xE1E;&#xE32;&#xE13;&#xE34;&#xE0A;&#xE22;&#xE4C; -- &#xE2D;&#xE32;&#xE0D;&#xE32; -- &#xE27;&#xE34;&#xE18;&#xE35;&#xE1E;&#xE34;&#xE08;&#xE32;&#xE23;&#xE13;&#xE32;&#xE04;&#xE27;&#xE32;&#xE21;&#xE41;&#xE1E;&#xE48;&#xE07; -- &#xE27;&#xE34;&#xE18;&#xE35;&#xE1E;&#xE34;&#xE08;&#xE32;&#xE23;&#xE13;&#xE32;&#xE04;&#xE27;&#xE32;&#xE21;&#xE2D;&#xE32;&#xE0D;&#xE32; -- &#xE01;&#xE0E;&#xE2B;&#xE21;&#xE32;&#xE22;&#xE2D;&#xE37;&#xE48;&#xE19; -- &#xE04;&#xE33;&#xE1E;&#xE34;&#xE1E;&#xE32;&#xE01;&#xE29;&#xE32;&#xE28;&#xE32;&#xE25;&#xE0E;&#xE35;&#xE01;&#xE32; &#xE1E;.&#xE28;. 2564 &#xE40;&#xE23;&#xE35;&#xE22;&#xE07;&#xE40;&#xE25;&#xE02;&#xE0E;&#xE35;&#xE01;&#xE32;.           </subfield>
  </datafield>
  <datafield tag="650" ind1=" " ind2="4">
    <subfield code="a">&#xE04;&#xE33;&#xE1E;&#xE34;&#xE1E;&#xE32;&#xE01;&#xE29;&#xE32;</subfield>
    <subfield code="z">&#xE44;&#xE17;&#xE22; </subfield>
    <subfield code="9">58812</subfield>
  </datafield>
  <datafield tag="942" ind1=" " ind2=" ">
    <subfield code="c">LB</subfield>
    <subfield code="2">local</subfield>
  </datafield>
  <datafield tag="996" ind1=" " ind2=" ">
    <subfield code="a">chunbijaya.r</subfield>
    <subfield code="b">CATSTF	</subfield>
    <subfield code="c">2024-05-27</subfield>
  </datafield>
  <datafield tag="996" ind1=" " ind2=" ">
    <subfield code="a">i002</subfield>
    <subfield code="b">CATSTF	</subfield>
    <subfield code="c">2024-05-31</subfield>
  </datafield>
  <datafield tag="996" ind1=" " ind2=" ">
    <subfield code="a">saiphon.d</subfield>
    <subfield code="b">CATSTF	</subfield>
    <subfield code="c">2024-05-31</subfield>
  </datafield>
  <datafield tag="999" ind1=" " ind2=" ">
    <subfield code="c">105223</subfield>
    <subfield code="d">105223</subfield>
  </datafield>
  <datafield tag="998" ind1=" " ind2=" ">
    <subfield code="j">1020</subfield>
    <subfield code="k"> &#xE19;&#xE32;&#xE07;&#xE08;&#xE33;&#xE40;&#xE23;&#xE35;&#xE22;&#xE07;  &#xE23;&#xE30;&#xE27;&#xE31;&#xE07;&#xE2A;&#xE33;&#xE42;&#xE23;&#xE07;</subfield>
  </datafield>
  <datafield tag="952" ind1=" " ind2=" ">
    <subfield code="0">0</subfield>
    <subfield code="1">0</subfield>
    <subfield code="2">local</subfield>
    <subfield code="4">0</subfield>
    <subfield code="7">0</subfield>
    <subfield code="8">CLAW</subfield>
    <subfield code="a">NALT</subfield>
    <subfield code="b">NALT</subfield>
    <subfield code="c">LAW</subfield>
    <subfield code="d">2024-05-27</subfield>
    <subfield code="l">0</subfield>
    <subfield code="o">KB 12 &#xE28;365&#xE04; 2564 &#xE25;.5-6</subfield>
    <subfield code="p">3961214053</subfield>
    <subfield code="r">2024-06-06 00:00:00</subfield>
    <subfield code="w">2024-05-27</subfield>
    <subfield code="y">LB</subfield>
  </datafield>
</record>
